[Event "Parana-ch (Women)"]
[Site "Curitiba"]
[Date "2018.11.23"]
[Round "1"]
[White "Juliatto, Clara Machado"]
[Black "Souza, Bruna Garcia De"]
[Result "1-0"]
[WhiteElo "1559"]
[BlackElo "1688"]
[PlyCount "99"]
[EventDate "2018.11.23"]
[EventType "swiss"]
[EventRounds "6"]
[EventCountry "BRA"]
[SourceTitle "EXT 2020"]
[Source "ChessBase"]
[SourceDate "2019.10.17"]
[SourceVersion "1"]
[SourceVersionDate "2019.10.17"]
[SourceQuality "1"]

1. e4 d5 2. exd5 Qxd5 3. Nc3 Qa5 4. d4 c6 5. Bd2 Qb6 6. Bc1 Bf5 7. Nf3 e6 8. Rb1 Bd6 9. Be3 Qc7 10. Bd3 Ne7 11. Ne4 Bxe4 12. Bxe4 Qa5+ 13. Bd2 Qxa2 14. b3 Qa6 15. Ra1 Qb6 16. Ra4 Qd8 17. Qa1 a6 18. c4 Nd7 19. c5 Bc7 20. Bc3 Nf6 21. Nd2 Nxe4 22. Nxe4 Qd5 23. f3 Rb8 24. 0-0 0-0 25. Qb2 Qh5 26. h3 Nd5 27. Ba5 f5 28. Bxc7 Nxc7 29. Nd6 Ne8 30. Nc4 Nf6 31. Re1 Rfe8 32. Qc2 Re7 33. Nd6 Qg6 34. Nxf5 Ree8 35. Ne3 Qg3 36. Qe2 Nh5 37. Nf1 Qg6 38. Qe5 Rbd8 39. Rb4 Rd7 40. Ne3 Nf6 41. Ng4 Nxg4 42. hxg4 Ree7 43. Rc4 Qd3 44. Qe3 Qxe3+ 45. Rxe3 Kf7 46. Re4 Rd5 47. Rc1 Red7 48. Rd1 Rxc5 49. Rde1 Rd6 50. dxc5 1-0

[Event "Parana-chT (Women) 61st"]
[Site "Londrina"]
[Date "2018.09.26"]
[Round "5.1"]
[White "Fernandes, Paola Helena da Sil"]
[Black "Souza, Bruna Garcia De"]
[Result "0-1"]
[WhiteElo "1674"]
[BlackElo "1688"]
[PlyCount "89"]
[EventDate "2018.09.24"]
[EventType "team-tourn"]
[EventRounds "6"]
[EventCountry "BRA"]
[SourceTitle "CBM 187 Extra"]
[Source "ChessBase"]
[SourceDate "2018.11.04"]
[SourceVersion "1"]
[SourceVersionDate "2018.11.04"]
[SourceQuality "1"]
[WhiteTeam "Pirai do Sul (W)"]
[BlackTeam "Maringa (W)"]
[WhiteTeamCountry "BRA"]
[BlackTeamCountry "BRA"]

1. Nf3 d5 2. e4 c6 3. exd5 Qxd5 4. Nc3 Qa5 5. d3 Bg4 6. Be2 e6 7. a3 Nf6 8. 0-0 Bd6 9. Bd2 Qc7 10. h3 h5 11. Ng5 Bf5 12. Nge4 Nxe4 13. dxe4 Bg6 14. Kh1 Nd7 15. f4 f6 16. b4 h4 17. Be3 b6 18. Qd2 Rd8 19. Bc4 Bf7 20. Qe2 b5 21. Bb3 e5 22. Bxf7+ Kxf7 23. f5 Nb6 24. Qg4 Nc4 25. Qg6+ Kg8 26. Bc1 Qf7 27. Nd1 Qxg6 28. fxg6 Kf8 29. Ne3 Nxe3 30. Bxe3 a6 31. Rfd1 Ke7 32. Rd3 Ke6 33. Rad1 Be7 34. Bf2 f5 35. exf5+ Kxf5 36. Rd7 Bf6 37. R1d3 Rxd7 38. Rxd7 Rd8 39. Ra7 Rd2 40. Be3 Rxc2 41. Rxa6 Kxg6 42. a4 bxa4 43. Rxa4 Be7 44. Ra3 Kf5 45. Bd4 0-1

[Event "Caioba Telecom op"]
[Site "Caioba"]
[Date "2017.09.30"]
[Round "5"]
[White "Guimaraes, Artemis Pamela"]
[Black "Souza, Bruna Garcia De"]
[Result "1/2-1/2"]
[WhiteElo "1942"]
[BlackElo "1654"]
[PlyCount "137"]
[EventDate "2017.09.28"]
[EventType "swiss"]
[EventRounds "8"]
[EventCountry "BRA"]
[SourceTitle "EXT 2018"]
[Source "ChessBase"]
[SourceDate "2017.10.13"]
[SourceVersion "1"]
[SourceVersionDate "2017.10.13"]
[SourceQuality "1"]

1. e4 d5 2. exd5 Nf6 3. d4 Nxd5 4. c4 Nb6 5. Nc3 g6 6. Be3 Bg7 7. h3 c6 8. Rc1 0-0 9. Nf3 N8d7 10. Be2 f5 11. Qd2 Nf6 12. 0-0 Be6 13. b3 Kh8 14. Rfd1 Bg8 15. Ne5 Nfd7 16. Bf4 c5 17. Nxd7 Nxd7 18. dxc5 Nxc5 19. Qe3 Qa5 20. Be5 Rf7 21. Rd5 Rc8 22. Na4 b6 23. Bf3 Bxe5 24. Rxe5 Rc7 25. Rd1 Rg7 26. Rd8 e6 27. Qd4 Rcd7 28. Rxd7 Rxd7 29. Rd5+ Rg7 30. Re5 Rd7 31. Qa1 Rg7 32. Bc6 Qb4 33. Nxc5 bxc5 34. Re3 Qb6 35. Ba4 h6 36. Rd3 Kh7 37. Qe5 Qc7 38. Rd6 Re7 39. f4 Bf7 40. Rc6 Qxe5 41. fxe5 Be8 42. Rxc5 Bxa4 43. bxa4 g5 44. Kf2 Kg6 45. Rc6 f4 46. a5 Kf5 47. Rc5 Rb7 48. Rb5 Rd7 49. Ke2 Rd4 50. c5 Kxe5 51. Rb7 Rc4 52. Rxa7 Rxc5 53. Kd3 h5 54. Rg7 Kd6 55. a6 Ra5 56. a7 g4 57. hxg4 hxg4 58. Ke4 Ra4+ 59. Kd3 f3 60. gxf3 gxf3 61. Ke3 Ra3+ 62. Kf2 e5 63. Rg8 Rxa2+ 64. Kxf3 Rxa7 65. Rd8+ Rd7 66. Re8 Kd5 67. Ke3 Rd6 68. Ra8 Rc6 69. Rd8+ 1/2-1/2

[Event "Caioba Telecom op"]
[Site "Caioba"]
[Date "2017.09.29"]
[Round "3"]
[White "Peixoto, Helio Ricardo Souti"]
[Black "Souza, Bruna Garcia De"]
[Result "1-0"]
[WhiteElo "1981"]
[BlackElo "1654"]
[PlyCount "75"]
[EventDate "2017.09.28"]
[EventType "swiss"]
[EventRounds "8"]
[EventCountry "BRA"]
[SourceTitle "EXT 2018"]
[Source "ChessBase"]
[SourceDate "2017.10.13"]
[SourceVersion "1"]
[SourceVersionDate "2017.10.13"]
[SourceQuality "1"]

1. Nf3 d5 2. d3 Nf6 3. Nbd2 Nc6 4. e4 Bg4 5. h3 Bxf3 6. Qxf3 e6 7. c3 dxe4 8. Nxe4 Nxe4 9. Qxe4 Be7 10. d4 Bg5 11. Bb5 0-0 12. Bxc6 Bxc1 13. Rxc1 bxc6 14. Qxc6 Rb8 15. b4 Rb6 16. Qc4 Qd7 17. 0-0 Re8 18. f4 Reb8 19. Rce1 Rc6 20. Qb3 a5 21. a3 Ra6 22. Qc4 Rc6 23. Qd3 Qd5 24. f5 axb4 25. cxb4 Re8 26. Qf3 Qd7 27. d5 exd5 28. Qxd5 Rd6 29. Qc5 Rd8 30. Qe5 f6 31. Qe4 Kf8 32. Rf3 Rd5 33. Qe6 Qxe6 34. Rxe6 Kf7 35. Rc6 R8d7 36. g4 Ke7 37. Re3+ Re5 38. Rxe5+ 1-0

[Event "Caioba Telecom op"]
[Site "Caioba"]
[Date "2016.08.28"]
[Round "5"]
[White "Souza, Bruna Garcia De"]
[Black "De Borba, Gabriel"]
[Result "0-1"]
[WhiteElo "1641"]
[BlackElo "1953"]
[PlyCount "62"]
[EventDate "2016.08.26"]
[EventType "swiss"]
[EventRounds "6"]
[EventCountry "BRA"]
[SourceTitle "CBM 174 Extra"]
[Source "ChessBase"]
[SourceDate "2016.10.10"]
[SourceVersion "1"]
[SourceVersionDate "2016.10.10"]
[SourceQuality "1"]

1. e4 c5 2. Nf3 e6 3. d4 cxd4 4. Nxd4 a6 5. Nc3 Qc7 6. Be2 Nf6 7. Bf3 Nc6 8. Nde2 Ne5 9. Ng3 Nxf3+ 10. Qxf3 d6 11. 0-0 Bd7 12. Qe2 Be7 13. f4 Bc6 14. Be3 0-0 15. Rad1 b5 16. a3 Rad8 17. f5 a5 18. fxe6 fxe6 19. Rf4 b4 20. axb4 axb4 21. Na2 Ba8 22. Rdf1 e5 23. Rh4 Nd5 24. Rxf8+ Rxf8 25. exd5 Bxh4 26. Nh5 Bxd5 27. Nxb4 Bc4 28. Nd3 e4 29. g3 Bf6 30. Qg4 exd3 31. Bh6 dxc2 0-1

[Event "Paranaense-ch (Women) 2015"]
[Site "Curitiba"]
[Date "2016.01.25"]
[Round "6.2"]
[White "Souza, Bruna Garcia De"]
[Black "Lisboa, Joana Cunha"]
[Result "1-0"]
[WhiteElo "1609"]
[BlackElo "1765"]
[PlyCount "119"]
[EventDate "2016.01.23"]
[EventType "swiss"]
[EventRounds "6"]
[EventCountry "BRA"]
[SourceTitle "EXT 2022"]
[Source "ChessBase"]
[SourceDate "2021.10.06"]
[SourceVersion "1"]
[SourceVersionDate "2021.10.06"]
[SourceQuality "1"]

1. e4 e6 2. Nf3 d5 3. e5 c5 4. c3 Ne7 5. Bb5+ Nbc6 6. d4 Ng6 7. 0-0 Qb6 8. Bxc6+ bxc6 9. Qc2 cxd4 10. cxd4 Ba6 11. Re1 Rc8 12. Nc3 Ne7 13. Na4 Qb5 14. Nc5 Nf5 15. b4 Qc4 16. Qxc4 Bxc4 17. Be3 Nxe3 18. fxe3 Bxc5 19. bxc5 Rb8 20. Nd2 Bd3 21. Nb3 0-0 22. Red1 Bc2 23. Re1 Rfc8 24. Re2 Bf5 25. h3 h5 26. Kf2 f6 27. exf6 gxf6 28. Kg3 Kh7 29. Kf4 Rg8 30. Na5 Bd3 31. Rd2 Bb5 32. a4 Bc4 33. Nxc6 Rb7 34. Na5 Rb4 35. g3 Rg5 36. g4 e5+ 37. Kf3 hxg4+ 38. hxg4 e4+ 39. Kf4 Kg6 40. Nxc4 Rxc4 41. Raa2 f5 42. Ke5 fxg4+ 43. Kd6 g3 44. c6 Kh5 45. c7 Kg4 46. Rac2 Rxc7 47. Rxc7 Kf3 48. Rc3 g2 49. Rxg2 Rxg2 50. Kxd5 Re2 51. Kc6 Rxe3 52. Rxe3+ Kxe3 53. d5 Kf2 54. d6 e3 55. d7 e2 56. d8Q e1Q 57. Qh4+ Ke2 58. Qxe1+ Kxe1 59. a5 Kd2 60. a6 1-0

[Event "Curitiba Sul Regional-ch"]
[Site "Curitiba"]
[Date "2015.07.11"]
[Round "4"]
[White "Souza, Bruna Garcia De"]
[Black "Crul, Khadija de Barros"]
[Result "1-0"]
[WhiteElo "1594"]
[BlackElo "1750"]
[PlyCount "42"]
[EventDate "2015.07.10"]
[EventType "swiss"]
[EventRounds "6"]
[EventCountry "BRA"]
[SourceTitle "EXT 2017"]
[Source "ChessBase"]
[SourceDate "2016.10.25"]
[SourceVersion "1"]
[SourceVersionDate "2016.10.25"]
[SourceQuality "1"]

1. c4 e5 2. Nc3 c5 3. g3 Nf6 4. Bg2 d6 5. e4 Be6 6. d3 Nc6 7. Nge2 Nd4 8. 0-0 Qd7 9. Nxd4 cxd4 10. Ne2 Be7 11. Kh1 b5 12. f4 Ng4 13. f5 Bxc4 14. dxc4 bxc4 15. Nxd4 exd4 16. Qxg4 g6 17. e5 Rc8 18. Qxd4 Rg8 19. exd6 Bxd6 20. Re1+ Kd8 21. Bg5+ Kc7 1-0

[Event "Sao Bento do Sul op 4th"]
[Site "Sao Bento do Sul"]
[Date "2015.06.06"]
[Round "3"]
[White "Souza, Bruna Garcia De"]
[Black "Pederiva, Paola Carolina"]
[Result "1/2-1/2"]
[WhiteElo "1594"]
[BlackElo "1798"]
[PlyCount "59"]
[EventDate "2015.06.05"]
[EventType "swiss"]
[EventRounds "6"]
[EventCountry "BRA"]
[SourceTitle "EXT 2017"]
[Source "ChessBase"]
[SourceDate "2016.10.25"]
[SourceVersion "1"]
[SourceVersionDate "2016.10.25"]
[SourceQuality "1"]

1. e4 d5 2. exd5 Nf6 3. Bb5+ Bd7 4. Bc4 Bg4 5. f3 Bf5 6. Nc3 Nbd7 7. d3 Nb6 8. Bb3 Nbxd5 9. Nge2 c6 10. Nxd5 Nxd5 11. Nf4 e6 12. Nxd5 exd5 13. Qe2+ Be7 14. Bd2 Qd6 15. 0-0-0 0-0-0 16. Rhe1 Rhe8 17. Qf2 Qc5 18. Qxc5 Bxc5 19. Rxe8 Rxe8 20. Re1 Be6 21. c3 Bd6 22. h3 Bg3 23. Re2 Kd7 24. d4 Bf5 25. Rxe8 Kxe8 26. Bc2 Bg6 27. Bxg6 hxg6 28. Kc2 Ke7 29. Kd3 Ke6 30. b3 1/2-1/2

[Event "Parana-ch"]
[Site "Curitiba"]
[Date "2015.02.01"]
[Round "8"]
[White "Da Silva, Janderson Rossi"]
[Black "Souza, Bruna Garcia De"]
[Result "1-0"]
[WhiteElo "1742"]
[BlackElo "1509"]
[PlyCount "97"]
[EventDate "2015.01.28"]
[EventType "swiss"]
[EventRounds "8"]
[EventCountry "BRA"]
[SourceTitle "CBM 164 Extra"]
[Source "ChessBase"]
[SourceDate "2015.03.02"]
[SourceVersion "1"]
[SourceVersionDate "2015.03.02"]
[SourceQuality "1"]

1. b4 d6 2. Bb2 Nf6 3. d4 Bf5 4. Nf3 Nbd7 5. e3 Bg4 6. Be2 g6 7. h3 Bxf3 8. Bxf3 c6 9. 0-0 Bg7 10. c4 0-0 11. Nd2 Rc8 12. Qa4 a6 13. Rac1 Re8 14. Rfd1 e6 15. b5 Nb6 16. Qb3 axb5 17. cxb5 d5 18. Ba3 Nbd7 19. Bd6 Bf8 20. Bxf8 Nxf8 21. Qb4 Qb6 22. a4 Ra8 23. Nb3 Rec8 24. Be2 Kg7 25. a5 Qd8 26. b6 Rcb8 27. Nc5 Ne4 28. Nxe4 dxe4 29. Ra1 Nd7 30. Qd6 Nf6 31. Qe5 Qd5 32. f4 Qxe5 33. dxe5 Nd5 34. Kf2 Nc3 35. Rd7 Nxe2 36. Kxe2 Ra6 37. Ra4 h6 38. Kd2 Raa8 39. Kc3 g5 40. Kd4 Rd8 41. Rd6 Rxd6+ 42. exd6 f5 43. Ke5 Kf7 44. g3 c5 45. a6 bxa6 46. b7 Rb8 47. Rxa6 Rxb7 48. Rc6 c4 49. Rc7+ 1-0

[Event "Parana-ch"]
[Site "Curitiba"]
[Date "2015.01.31"]
[Round "7"]
[White "Souza, Bruna Garcia De"]
[Black "Brasilio, Felipe Benvenutti"]
[Result "0-1"]
[WhiteElo "1509"]
[BlackElo "1934"]
[PlyCount "46"]
[EventDate "2015.01.28"]
[EventType "swiss"]
[EventRounds "8"]
[EventCountry "BRA"]
[SourceTitle "CBM 164 Extra"]
[Source "ChessBase"]
[SourceDate "2015.03.02"]
[SourceVersion "1"]
[SourceVersionDate "2015.03.02"]
[SourceQuality "1"]

1. e4 e6 2. d4 d5 3. exd5 exd5 4. Nf3 Nf6 5. Bd3 Bd6 6. Nc3 0-0 7. 0-0 c6 8. h3 h6 9. Be3 Re8 10. Re1 Be6 11. Qd2 Ne4 12. Bxe4 dxe4 13. Nxe4 Be7 14. Ng3 Nd7 15. b4 Nf6 16. c3 a5 17. a3 Bd6 18. Ne2 Bd5 19. Nh2 Ne4 20. Qc1 f5 21. Bf4 Qh4 22. f3 Bxf4 23. Nxf4 Qf2+ 0-1

[Event "Parana-ch"]
[Site "Curitiba"]
[Date "2015.01.29"]
[Round "3"]
[White "Barbosa, Jefferson Lucas Mun"]
[Black "Souza, Bruna Garcia De"]
[Result "1-0"]
[WhiteElo "1943"]
[BlackElo "1509"]
[PlyCount "65"]
[EventDate "2015.01.28"]
[EventType "swiss"]
[EventRounds "8"]
[EventCountry "BRA"]
[SourceTitle "CBM 164 Extra"]
[Source "ChessBase"]
[SourceDate "2015.03.02"]
[SourceVersion "1"]
[SourceVersionDate "2015.03.02"]
[SourceQuality "1"]

1. e4 d6 2. d4 g6 3. Nc3 Bg7 4. Nf3 Bg4 5. Be2 Nc6 6. Be3 a6 7. Qd2 Nf6 8. h3 Bxf3 9. Bxf3 e5 10. d5 Ne7 11. 0-0-0 Qb8 12. g4 Nd7 13. h4 h6 14. Ne2 b5 15. Bg2 Nb6 16. b3 a5 17. f4 f6 18. g5 a4 19. fxe5 axb3 20. cxb3 fxg5 21. exd6 cxd6 22. hxg5 h5 23. Bd4 Bxd4 24. Qxd4 Rf8 25. Rhf1 Rg8 26. Kb1 Qa7 27. Rd2 Nd7 28. Qd3 b4 29. Nd4 Ne5 30. Qb5+ Qd7 31. Qxb4 Nf7 32. Ne6 Nd8 33. Bh3 1-0